[Event "Rheinland Pfalz op 4th"]
[Site "Altenkirchen"]
[Date "2012.06.09"]
[Round "6"]
[White "Petri, Wolfgang"]
[Black "Bagaric, Anton"]
[Result "1-0"]
[WhiteElo "2088"]
[BlackElo "1669"]
[PlyCount "53"]
[EventDate "2012.06.07"]
[EventType "swiss"]
[EventRounds "7"]
[EventCountry "GER"]
[SourceTitle "CBM 148 Extra"]
[Source "ChessBase"]
[SourceDate "2012.06.22"]
[SourceVersion "1"]
[SourceVersionDate "2012.06.22"]
[SourceQuality "1"]

1. e4 c5 2. Nf3 Nc6 3. d4 cxd4 4. Nxd4 e5 5. Nf3 Nf6 6. Bc4 h6 7. 0-0 Bc5 8. c3 a6 9. b4 Ba7 10. a4 0-0 11. Ba3 Re8 12. b5 Na5 13. Ba2 b6 14. Bd6 Bb7 15. Nxe5 Rxe5 16. Bxe5 Nxe4 17. Nd2 Qg5 18. Nf3 Qg6 19. Bd5 d6 20. Bxb7 Nxb7 21. Qd5 Rb8 22. Bd4 Nbc5 23. Rfe1 Re8 24. Bxc5 dxc5 25. Nd2 Nf6 26. Rxe8+ Nxe8 27. Re1 1-0

[Event "Rheinland Pfalz op 4th"]
[Site "Altenkirchen"]
[Date "2012.06.08"]
[Round "4"]
[White "Woell, Jonas"]
[Black "Bagaric, Anton"]
[Result "0-1"]
[WhiteElo "936"]
[BlackElo "1669"]
[PlyCount "84"]
[EventDate "2012.06.07"]
[EventType "swiss"]
[EventRounds "7"]
[EventCountry "GER"]
[SourceTitle "CBM 148 Extra"]
[Source "ChessBase"]
[SourceDate "2012.06.22"]
[SourceVersion "1"]
[SourceVersionDate "2012.06.22"]
[SourceQuality "1"]

1. e4 g6 2. d4 Bg7 3. Nc3 d6 4. Bf4 a6 5. Nf3 Bg4 6. Be2 Nc6 7. 0-0 Bxf3 8. Bxf3 Nxd4 9. Re1 e5 10. Be3 c5 11. Nd5 Ne7 12. Nxe7 Qxe7 13. c3 Ne6 14. Qd2 0-0 15. Bh6 Rad8 16. Bxg7 Kxg7 17. Rad1 Rd7 18. Bg4 h5 19. Bxe6 Qxe6 20. Qd5 Qg4 21. Qb3 f5 22. f3 Qg5 23. Qe6 Qd8 24. Rd2 Rf6 25. Qd5 fxe4 26. fxe4 Rf4 27. Red1 b5 28. Qc6 Qe7 29. h3 Rf6 30. Qxa6 b4 31. cxb4 cxb4 32. Qc4 Ra7 33. b3 Rb7 34. Qa6 d5 35. Qe2 Qc5+ 36. Kh2 d4 37. Rc2 Qf8 38. Rcc1 Rf2 39. Qa6 Qf4+ 40. Kg1 Rf7 41. Qb5 Qxe4 42. Qxb4 Qxg2# 0-1